| 000 | 00687cam a2200193 4500 | ||
|---|---|---|---|
| 001 | WB3638-27 | ||
| 008 | 000000n2000 000 0 eng u | ||
| 035 | _a(Sirsi) u108501 | ||
| 245 | _aRDAs lose social regeneration | ||
| 260 | _c2000 | ||
| 490 |
_aUrban Environment Today _v(105) 21 September 2000, 1(1) |
||
| 520 | _aGovernment advisor suggests that local agencies take over the Regional Development Agencies' social regeneration role, with RDAs focusing on the promotion of economic development. | ||
| 590 | _aWB | ||
| 650 | _aREGIONAL DEVELOPMENT AGENCIES | ||
| 650 | _aSINGLE REGENERATION BUDGET | ||
| 650 | _aSOCIAL REGENERATION | ||
| 690 | _aREGENERATION | ||
| 942 | _n0 | ||
| 999 |
_c64784 _d64784 |
||